<?xml version="1.0" encoding="UTF-8"?>
<record
    xmlns:xsi="http://www.w3.org/2001/XMLSchema-instance"
    xsi:schemaLocation="http://www.loc.gov/MARC21/slim http://www.loc.gov/standards/marcxml/schema/MARC21slim.xsd"
    xmlns="http://www.loc.gov/MARC21/slim">

  <leader>00389nam a2200133Ia 4500</leader>
  <controlfield tag="008">150301s2014    xx            000 0 und d</controlfield>
  <datafield tag="082" ind1=" " ind2=" ">
    <subfield code="a">617.692</subfield>
    <subfield code="b">S14H</subfield>
  </datafield>
  <datafield tag="100" ind1=" " ind2=" ">
    <subfield code="a">HAYMANN, HARALD</subfield>
  </datafield>
  <datafield tag="245" ind1=" " ind2=" ">
    <subfield code="a">STURDEVANT'S ART AND SCIENCE OF OPERATIVE DENTISTRY</subfield>
  </datafield>
  <datafield tag="260" ind1=" " ind2=" ">
    <subfield code="b">ELSEVIER PUBLICATION</subfield>
    <subfield code="a">DELHI</subfield>
    <subfield code="c">2014</subfield>
  </datafield>
  <datafield tag="300" ind1=" " ind2=" ">
    <subfield code="a">1-487</subfield>
  </datafield>
  <datafield tag="650" ind1=" " ind2=" ">
    <subfield code="a">CONSERVATIVE DENTISTRY &amp; ENDODONTICS</subfield>
  </datafield>
  <datafield tag="942" ind1=" " ind2=" ">
    <subfield code="2">ddc</subfield>
    <subfield code="c">BK</subfield>
    <subfield code="0">60</subfield>
  </datafield>
  <datafield tag="952" ind1=" " ind2=" ">
    <subfield code="0">0</subfield>
    <subfield code="1">0</subfield>
    <subfield code="2">ddc</subfield>
    <subfield code="4">0</subfield>
    <subfield code="7">0</subfield>
    <subfield code="a">FD</subfield>
    <subfield code="b">FD</subfield>
    <subfield code="d">2015-07-02</subfield>
    <subfield code="e">ABC-DELHI</subfield>
    <subfield code="g">1195.00</subfield>
    <subfield code="i">SGTU</subfield>
    <subfield code="l">44</subfield>
    <subfield code="o">617.692 S14H</subfield>
    <subfield code="p">FD7231</subfield>
    <subfield code="r">2026-04-29 00:00:00</subfield>
    <subfield code="s">2026-04-27</subfield>
    <subfield code="w">2015-06-05</subfield>
    <subfield code="y">BK</subfield>
    <subfield code="k">5698</subfield>
  </datafield>
  <datafield tag="952" ind1=" " ind2=" ">
    <subfield code="0">0</subfield>
    <subfield code="1">0</subfield>
    <subfield code="2">ddc</subfield>
    <subfield code="4">0</subfield>
    <subfield code="7">0</subfield>
    <subfield code="a">FD</subfield>
    <subfield code="b">FD</subfield>
    <subfield code="d">2015-07-02</subfield>
    <subfield code="e">ABC-DELHI</subfield>
    <subfield code="g">1195.00</subfield>
    <subfield code="i">SGTU</subfield>
    <subfield code="l">40</subfield>
    <subfield code="m">1</subfield>
    <subfield code="o">617.692 S14H</subfield>
    <subfield code="p">FD7232</subfield>
    <subfield code="r">2025-12-05 00:00:00</subfield>
    <subfield code="s">2025-12-05</subfield>
    <subfield code="w">2015-06-05</subfield>
    <subfield code="y">BK</subfield>
    <subfield code="k">5698</subfield>
  </datafield>
  <datafield tag="952" ind1=" " ind2=" ">
    <subfield code="0">0</subfield>
    <subfield code="1">0</subfield>
    <subfield code="2">ddc</subfield>
    <subfield code="4">0</subfield>
    <subfield code="7">0</subfield>
    <subfield code="a">FD</subfield>
    <subfield code="b">FD</subfield>
    <subfield code="d">2015-07-02</subfield>
    <subfield code="e">ABC-DELHI</subfield>
    <subfield code="g">1195.00</subfield>
    <subfield code="i">SGTU</subfield>
    <subfield code="l">50</subfield>
    <subfield code="o">617.692 S14H</subfield>
    <subfield code="p">FD7233</subfield>
    <subfield code="r">2026-04-30 00:00:00</subfield>
    <subfield code="s">2026-04-27</subfield>
    <subfield code="w">2015-06-05</subfield>
    <subfield code="y">BK</subfield>
    <subfield code="k">5698</subfield>
  </datafield>
  <datafield tag="952" ind1=" " ind2=" ">
    <subfield code="0">0</subfield>
    <subfield code="1">0</subfield>
    <subfield code="2">ddc</subfield>
    <subfield code="4">0</subfield>
    <subfield code="7">0</subfield>
    <subfield code="a">FD</subfield>
    <subfield code="b">FD</subfield>
    <subfield code="d">2015-07-02</subfield>
    <subfield code="e">ABC-DELHI</subfield>
    <subfield code="g">1195.00</subfield>
    <subfield code="i">SGTU</subfield>
    <subfield code="l">56</subfield>
    <subfield code="o">617.692 S14H</subfield>
    <subfield code="p">FD7234</subfield>
    <subfield code="r">2026-03-31 00:00:00</subfield>
    <subfield code="s">2026-03-18</subfield>
    <subfield code="w">2015-06-05</subfield>
    <subfield code="y">BK</subfield>
    <subfield code="k">5698</subfield>
  </datafield>
  <datafield tag="952" ind1=" " ind2=" ">
    <subfield code="0">0</subfield>
    <subfield code="1">0</subfield>
    <subfield code="2">ddc</subfield>
    <subfield code="4">0</subfield>
    <subfield code="7">0</subfield>
    <subfield code="a">FD</subfield>
    <subfield code="b">FD</subfield>
    <subfield code="d">2015-07-02</subfield>
    <subfield code="e">ABC-DELHI</subfield>
    <subfield code="g">1195.00</subfield>
    <subfield code="i">SGTU</subfield>
    <subfield code="l">48</subfield>
    <subfield code="o">617.692 S14H</subfield>
    <subfield code="p">FD7235</subfield>
    <subfield code="r">2025-11-04 00:00:00</subfield>
    <subfield code="s">2025-11-04</subfield>
    <subfield code="w">2015-06-05</subfield>
    <subfield code="y">BK</subfield>
    <subfield code="k">5698</subfield>
  </datafield>
  <datafield tag="952" ind1=" " ind2=" ">
    <subfield code="0">0</subfield>
    <subfield code="1">0</subfield>
    <subfield code="2">ddc</subfield>
    <subfield code="4">0</subfield>
    <subfield code="7">0</subfield>
    <subfield code="a">FD</subfield>
    <subfield code="b">FD</subfield>
    <subfield code="d">2015-07-02</subfield>
    <subfield code="e">ABC-DELHI</subfield>
    <subfield code="g">1195.00</subfield>
    <subfield code="i">SGTU</subfield>
    <subfield code="l">69</subfield>
    <subfield code="o">617.692 S14H</subfield>
    <subfield code="p">FD7236</subfield>
    <subfield code="r">2026-04-30 00:00:00</subfield>
    <subfield code="s">2026-04-28</subfield>
    <subfield code="w">2015-06-05</subfield>
    <subfield code="y">BK</subfield>
    <subfield code="k">5698</subfield>
  </datafield>
  <datafield tag="999" ind1=" " ind2=" ">
    <subfield code="c">6934</subfield>
    <subfield code="d">6934</subfield>
  </datafield>
</record>
